[Event "CAN-ch U10 Girls"]
[Site "Richmond Hill"]
[Date "2011.07.08"]
[Round "6"]
[White "Feldman, Michelle"]
[Black "Birarov, Nicole"]
[Result "0-1"]
[WhiteElo "978"]
[BlackElo "1105"]
[PlyCount "122"]
[EventDate "2011.07.06"]
[EventType "swiss"]
[EventRounds "7"]
[EventCountry "CAN"]
[SourceTitle "EXT 2022"]
[Source "ChessBase"]
[SourceDate "2021.10.06"]
[SourceVersion "1"]
[SourceVersionDate "2021.10.06"]
[SourceQuality "1"]

1. d4 f5 2. c4 Nf6 3. b3 d5 4. Bf4 e6 5. c5 c6 6. Nc3 b6 7. b4 Nbd7 8. Bd6 Bxd6 9. cxd6 0-0 10. Nf3 Ne4 11. Nxe4 fxe4 12. Ne5 Nxe5 13. dxe5 Rf5 14. Qd4 Qg5 15. f3 exf3 16. exf3 Rxe5+ 17. Kf2 c5 18. bxc5 bxc5 19. Qxc5 Qd2+ 20. Kg1 Qe3+ 21. Qxe3 Rxe3 22. Rb1 Kf8 23. Bb5 Rb8 24. Kf2 Ra3 25. Rhe1 a6 26. d7 Rxa2+ 27. Kg1 Bb7 28. Bc6 Ke7 29. Bxb7 Kxd7 30. Bc6+ Kc7 31. Rxb8 Kxb8 32. h3 d4 33. Rxe6 d3 34. Re8+ Kc7 35. Bd5 d2 36. Bb3 Ra1+ 37. Kh2 d1Q 38. Bxd1 Rxd1 39. Re7+ Rd7 40. Re2 Kc6 41. Re6+ Rd6 42. Re3 a5 43. Rc3+ Kb5 44. Rb3+ Kc4 45. Rb7 Ra6 46. Rc7+ Kb5 47. Rb7+ Kc6 48. Rb2 a4 49. Kg1 a3 50. Ra2 Kb5 51. Kf1 Kc4 52. Ke1 Kb3 53. Rd2 a2 54. Rd3+ Kc2 55. Rd2+ Kb3 56. Rd1 Kc2 57. Rd2+ Kc3 58. Ke2 a1Q 59. Rd3+ Kc4 60. Rd2 Re6+ 61. Kf2 Qe1# 0-1

[Event "CAN-ch U08 Girls"]
[Site "Victoria"]
[Date "2009.07.22"]
[Round "4"]
[White "Feldman, Michelle"]
[Black "Milicevic, Ljudmila"]
[Result "1-0"]
[WhiteElo "943"]
[BlackElo "708"]
[PlyCount "69"]
[EventDate "2009.07.21"]
[EventType "tourn"]
[EventRounds "5"]
[EventCountry "CAN"]
[SourceTitle "EXT 2011"]
[Source "ChessBase"]
[SourceDate "2010.11.26"]
[SourceVersion "1"]
[SourceVersionDate "2010.11.26"]
[SourceQuality "1"]

1. e4 e5 2. Nf3 Nc6 3. Nc3 Bc5 4. Bc4 Nf6 5. 0-0 0-0 6. d3 d6 7. Bg5 h6 8. Bxf6 Qxf6 9. Nd5 Qg6 10. Nh4 Qg5 11. Nf3 Qg6 12. c3 Bh3 13. Nh4 Qg5 14. Qf3 Rfe8 15. Qxh3 a6 16. Nxc7 Rf8 17. Be6 fxe6 18. Nxe6 Qf6 19. Nxf8 Rxf8 20. d4 exd4 21. Nf3 dxc3 22. bxc3 Qxc3 23. Qe6+ Kh8 24. Rac1 Qa3 25. Nh4 Nd4 26. Ng6+ Kh7 27. Nxf8+ Kh8 28. Ng6+ Kh7 29. Qe8 Ne2+ 30. Kh1 Nxc1 31. f4 Nd3 32. h3 Qxa2 33. f5 Nf2+ 34. Kh2 d5 35. Qh8# 1-0